Food biotechnology
Salvato in:
| Natura: | Libro |
|---|---|
| Lingua: | inglese |
| Pubblicazione: |
Nueva York
Marcel Dekker
1987
|
| Serie: | Food Science and Technology, 21
|
| Soggetti: | |
| Tags: |
Aggiungi Tag
Nessun Tag, puoi essere il primo ad aggiungerne!!
|
MARC
| LEADER | 00000nam a2200000 a 4500 | ||
|---|---|---|---|
| 001 | UCV6026 | ||
| 003 | CL-VaPUC | ||
| 008 | 880705e19870000US |||||||||||||||||eng|d | ||
| 082 | 0 | 4 | |a 664 |b FOO |2 21 |
| 245 | 1 | 0 | |a Food biotechnology |
| 300 | |a 613 p | ||
| 942 | |c BK | ||
| 945 | |d 19880705 00:00:00 | ||
| 260 | |a Nueva York |b Marcel Dekker |c 1987 | ||
| 650 | 7 | |a INDUSTRIAS ALIMENTICIAS |2 CL-VaPUC |9 300252 | |
| 650 | 0 | |a Biotecnología |9 259561 | |
| 583 | |a last modification |c 19880705 00:00:00 |k Rodrigo Vera | ||
| 490 | 0 | |a Food Science and Technology, 21 | |
| 999 | |c 212286 |d 212284 | ||
| 952 | |0 0 |1 0 |4 0 |6 664_000000000000000_FOO_1987 |7 0 |8 A |9 192940 |a BIBING |b BIBING |d 2019-11-14 |i 2605961 |o 664 FOO 1987 |p 2605961 |r 2025-01-20 |w 2019-11-14 |y BK |k EIB | ||